000 00503nam a2200205Ia 4500
003 0100
008 130303s9999 xx 000 0 und d
040 _cARRUPELIB
050 _aB3279.H93I343
100 _aKohak, Erazim V
245 _aIdea and Experience
245 _bEdmund Husserl's project of phenomenology in Ideas I
260 _aChicago
260 _bThe university of Chicago press
260 _C1978
300 _a249p.
300 _b 22cm
650 _aPHILOSOPHY
942 0 0 _01
999 _c15317
_d15317